000 00992nam a2200253Ia 4500
003 OSt
005 20220923211019.0
006 a|||||r|||| 00| 0
007 ta
008 220922b |||||||| |||| 00| 0 hin d
020 _a8170555337 (hbk)
_c250
024 _a265,807
037 _b483, 02/03/2010, Vani Prakashan
_cTextual
040 _aARTS
_cARTS
_bhin
041 _2hin
_ahin
082 _aO152,3:g(R37), P9
100 _aवेदप्रकाश अमिताभ
_9157146
245 0 _aहिन्दी के आंचलिक उपन्यासों में मूल्य - संक्रमण
246 _aHindī ke āanchalik upanyāsoan mean mūlya - sankramaṇa
260 _aनयी दिल्ली
_b वाणी प्रकाशन
_c2009
300 _a165पृ.
_ccm.
942 _hO152,3:g(R37), P9
_cTEXL
_2CC
999 _c293926
_d293926